| 000 | 00873nam a2200265Ia 4500 | ||
|---|---|---|---|
| 008 | |||
| 020 | _a0324003218 (hbk.) | ||
| 049 | _aMAIN | ||
| 090 |
_aHD30.25 _bAND |
||
| 100 | 1 | _aAnderson, David R. | |
| 245 | 1 | 3 |
_aAn introduction to management science : _bquantitative approaches to decision making / _cDavid R. Anderson, Dennis J. Sweeney and Thomas A. Williams. |
| 250 | _a9th ed. | ||
| 260 |
_aCincinnati : _bSouth-Westen college, _cc2000. |
||
| 300 |
_axx, 848 [52] p. : _bcol. ill. ; _c27 cm. |
||
| 500 | _aIncludes index. | ||
| 504 | _aIncludes bibliographical references. | ||
| 650 | 0 | _aManagement science. | |
| 700 | _aWilliams, Thomas A. | ||
| 700 | 1 | _aSweeney, Dennis J. | |
| 907 |
_a.b10280777 _b02-01-13 _c18-08-10 |
||
| 003 | |||
| 005 | 20230123125037.0 | ||
| 040 | _cNUST | ||
| 942 |
_cBOOKS _kHD30.25 _mAND |
||
| 999 |
_c134719 _d134719 |
||